000 00367cam a22001337a 4500
008 180718b1980 xxu||||| |||| 00| 0 eng d
082 _aLc Z29x54 P887
100 _aPrater, S.H.
245 _aThe book of Indian animals
_cby S.H. Prater
250 _a3rd ed.
260 _aBombay
_bBombay Natural History Society
_c1980
300 _a324p.
650 _aAnimals - India
999 _c351745
_d351745